La energía y la teoría del crecimiento (Registro nro. 29093)

Detalles MARC
000 -LEADER
fixed length control field 00310 a2200109 4500
001 - CONTROL NUMBER
control field ART_26201
005 - DATE AND TIME OF LATEST TRANSACTION
control field 20260410161936.0
008 - FIXED-LENGTH DATA ELEMENTS--GENERAL INFORMATION
fixed length control field 260409a
100 1# - MAIN ENTRY--PERSONAL NAME
Personal name Díaz, Darío Ezequiel
245 10 - TITLE STATEMENT
Title La energía y la teoría del crecimiento
773 0# - HOST ITEM ENTRY
Title SaberEs
Related parts - Nº 2 (jun. 2010)
Record control number REV26089

No hay ítems disponibles.